Compartmentation in shops (Record no. 71936)

MARC details
000 -LEADER
fixed length control field 01589cam a2200229 4500
001 - CONTROL NUMBER
control field ABS66325
008 - FIXED-LENGTH DATA ELEMENTS--GENERAL INFORMATION
fixed length control field 030117n2002 000 0 eng u
035 ## - SYSTEM CONTROL NUMBER
System control number (Sirsi) u121054
100 ## - MAIN ENTRY--PERSONAL NAME
Personal name Burd, A.
245 ## - TITLE STATEMENT
Title Compartmentation in shops
260 ## - PUBLICATION, DISTRIBUTION, ETC.
Date of publication, distribution, etc. 2002
490 ## - SERIES STATEMENT
Series statement Building Control
Volume/sequential designation (135) November 2002, 10-12(3)
520 ## - SUMMARY, ETC.
Summary, etc. Intends to offer government opinions on Requirement B3: "Internal fire spread (structure)" of the Building Regulations 2000 Approved Document B (2002 Edition) and the provision of compartmentation in single-storey shops, which came into force 1 July 2002. The main issue is that this guidance recommends limiting the compartment size ofsingle-storey shops to 2 000sq m, where previously there was no limit. It does however recommend that where sprinklers are provided there is still no limit to the floor area of compartments. Expands on the intentions of the Approved Document, including the issue of extensions, life safety systems and consultation with fire authorities. Suggests that building control bodies will need to consider each case on its own merits, as compliance with the functional requirements of the Building Regulations is always a matter of professional judgement. Case studies and ecommendations are available at www.planning.odpm.gov.uk.
590 ## - LOCAL NOTE (RLIN)
Local note ABS
650 ## - SUBJECT ADDED ENTRY--TOPICAL TERM
Topical term or geographic name entry element SHOPS
650 ## - SUBJECT ADDED ENTRY--TOPICAL TERM
Topical term or geographic name entry element BUILDING REGULATIONS
9 (RLIN) 6224
650 ## - SUBJECT ADDED ENTRY--TOPICAL TERM
Topical term or geographic name entry element BUILDING REGULATIONS 2000 APPROVED DOCUMENT B (2002 EDITION)
650 ## - SUBJECT ADDED ENTRY--TOPICAL TERM
Topical term or geographic name entry element FIRE SPREAD
650 ## - SUBJECT ADDED ENTRY--TOPICAL TERM
Topical term or geographic name entry element BUILDING CONTROL
9 (RLIN) 6222
690 ## - LOCAL SUBJECT ADDED ENTRY--TOPICAL TERM (OCLC, RLIN)
Topical term or geographic name as entry element BUILT ENVIRONMENT-BUILDING STANDARDS
942 ## - ADDED ENTRY ELEMENTS (KOHA)
Suppress in OPAC 0
Holdings
Withdrawn status Lost status Source of classification or shelving scheme Damaged status Not for loan Home library Current library Shelving location Date acquired Total Checkouts Full call number Barcode Date last seen Copy number Price effective from Koha item type
    Dewey Decimal Classification     London London Journal article 17/01/2003   ABS66325 121054-1001 06/08/2019 1 06/08/2019 Journal article